California sketches : with recollections of the gold mines.

Bibliographic Details
Main Author: Kip, Leonard, 1826-1906
Format: Book
Language:English
Published: Albany : E. H. Pease, 1850.
Subjects:

MARC

Tag First Indicator Second Indicator Subfields
LEADER 00000cam a2200000 4500
001 in00000665390
005 20151015083018.0
008 800924r19741850miu a 00000 eng d
035 |a (OCoLC)06746009 
035 |9 ACX9914AM 
040 |a EEU  |c TXA  |d UtOrBLW 
049 |a TXAI 
090 |a F865  |b .K5 
099 |a film  |a B  |a 1512  |a reel  |a 601.1 
100 1 |a Kip, Leonard,  |d 1826-1906. 
245 1 0 |a California sketches :  |b with recollections of the gold mines. 
264 1 |a Albany :  |b E. H. Pease,  |c 1850. 
300 |a 57 pages 
336 |a text  |b txt  |2 rdacontent 
337 |a microform  |b h  |2 rdamedia 
338 |a microfilm reel  |b hd  |2 rdacarrier 
500 |a Microfilm. Ann Arbor, Mich., Xerox University Microfilms, 1974. 1 reel. 35 mm. (American Culture Series, reel 601.1) 
500 |a Microform. 
651 0 |a California  |x Gold discoveries. 
651 0 |a California  |x Description and travel. 
999 |a MARS 
999 f f |s 942f9cc6-d314-394e-b707-f5d845e286ba  |i 943e3be2-0126-3004-85cc-81fcda695546  |t 0 
952 f f |p default  |a Texas A&M University  |b College Station  |c Sterling C. Evans Library  |d Evans: Microforms (3rd floor)  |t 0  |e film B 1512 reel 601.1  |h Other scheme  |i microform -- microfilm reel 
998 f f |a film B 1512 reel 601.1  |t 0  |l Evans: Microforms (3rd floor)